| 000 | 00483nam a2200181Ia 4500 | ||
|---|---|---|---|
| 008 | 240925s9999 xx 000 0 und d | ||
| 020 | _a007125255X | ||
| 082 | _a621.38456 LEE | ||
| 100 | _aLee, William C.Y. | ||
| 245 | 0 | _aWireless & Cellular Telecommunications | |
| 250 | _a3rd | ||
| 260 |
_aBoston: _bMC Graw-Hill _c,2006. |
||
| 300 |
_axiii,297p. _bNA _fPhotocopy |
||
| 500 | _aIncludes Index | ||
| 600 | _aTelecommunication Engineering | ||
| 650 | _aTechnology | ||
| 942 | _cBK | ||
| 999 |
_c9767 _d9767 |
||